[Event "DEM U12w 2024"]
[Site "Willingen GER"]
[Date "2024.05.22"]
[Round "6"]
[White "Wolf, Helena"]
[Black "Kovalskyy, Alicia"]
[Result "1-0"]
[Termination "normal"]
[Board "3"]
[WhiteElo "1498"]
[BlackElo "1825"]
[WhiteClock "00:01:15"]
[BlackClock "00:01:00"]
[PlyCount "75"]
[WhiteFideId "34671030"]
[BlackFideId "34612130"]
[EventCountry "GER"]
[EventRounds "9"]
[EventType "swiss"]
[EventDate "2024.05.18"]

1. e4 {[%clk 01:30:58]} e5 {[%clk 01:30:56]} {[%emt 00:00:04]} 2. Nf3 {[%clk
01:31:23]} {[%emt 00:00:06]} Nc6 {[%clk 01:31:24]} {[%emt 00:00:03]} 3. Bc4
{[%clk 01:31:48]} {[%emt 00:00:04]} Bc5 {[%clk 01:31:44]} {[%emt 00:00:09]} 4.
d4 {[%clk 01:32:12]} {[%emt 00:00:07]} exd4 {[%clk 01:31:47]} {[%emt 00:00:27]}
5. Ng5 {[%clk 01:32:34]} {[%emt 00:00:08]} Nh6 {[%clk 01:29:21]} {[%emt
00:02:56]} 6. Nxf7 {[%clk 01:32:57]} {[%emt 00:00:08]} Nxf7 {[%clk 01:29:10]}
{[%emt 00:00:40]} 7. Bxf7+ {[%clk 01:33:22]} {[%emt 00:00:06]} Kxf7 {[%clk
01:29:36]} {[%emt 00:00:05]} 8. Qh5+ {[%clk 01:33:45]} {[%emt 00:00:06]} g6
{[%clk 01:29:25]} {[%emt 00:00:41]} 9. Qxc5 {[%clk 01:34:04]} {[%emt 00:00:12]}
d6 {[%clk 01:28:09]} {[%emt 00:01:45]} 10. Qc4+ {[%clk 01:34:28]} {[%emt
00:00:06]} Be6 {[%clk 01:28:24]} {[%emt 00:00:15]} 11. Qe2 {[%clk 01:34:51]}
{[%emt 00:00:07]} Qf6 {[%clk 01:21:38]} {[%emt 00:07:14]} 12. O-O {[%clk
01:32:30]} {[%emt 00:02:51]} Kg7 {[%clk 01:17:51]} {[%emt 00:04:12]} 13. Nd2
{[%clk 01:28:30]} {[%emt 00:04:36]} Rae8 {[%clk 01:12:42]} {[%emt 00:05:36]}
14. Qd1 {[%clk 01:21:21]} {[%emt 00:07:41]} h5 {[%clk 01:05:50]} {[%emt
00:07:24]} 15. f3 {[%clk 01:05:08]} {[%emt 00:16:42]} g5 {[%clk 00:45:49]}
{[%emt 00:20:32]} 16. Nb3 {[%clk 00:47:39]} {[%emt 00:17:58]} a5 {[%clk
00:41:30]} {[%emt 00:04:50]} 17. Bd2 {[%clk 00:38:59]} {[%emt 00:09:09]} b6
{[%clk 00:28:52]} {[%emt 00:13:09]} 18. c3 {[%clk 00:36:13]} {[%emt 00:03:16]}
Bc4 {[%clk 00:21:41]} {[%emt 00:07:41]} 19. Rf2 {[%clk 00:34:22]} {[%emt
00:02:20]} d3 {[%clk 00:20:01]} {[%emt 00:02:12]} 20. Be3 {[%clk 00:34:31]}
{[%emt 00:00:21]} d5 {[%clk 00:17:49]} {[%emt 00:02:42]} 21. Nd4 {[%clk
00:19:13]} {[%emt 00:15:47]} Kg6 {[%clk 00:14:47]} {[%emt 00:03:31]} 22. Qd2
{[%clk 00:13:04]} {[%emt 00:06:40]} Ne7 {[%clk 00:11:17]} {[%emt 00:04:00]} 23.
Raf1 {[%clk 00:06:36]} {[%emt 00:06:57]} c5 {[%clk 00:04:17]} {[%emt 00:07:31]}
24. f4 {[%clk 00:03:47]} {[%emt 00:03:19]} g4 {[%clk 00:03:34]} {[%emt
00:01:14]} 25. e5 {[%clk 00:03:12]} {[%emt 00:01:05]} Qf7 {[%clk 00:01:47]}
{[%emt 00:02:15]} 26. f5+ {[%clk 00:03:17]} {[%emt 00:00:26]} Kh7 {[%clk
00:00:51]} {[%emt 00:01:27]} 27. Ne6 {[%clk 00:02:56]} {[%emt 00:00:50]} Rhg8
{[%clk 00:00:43]} {[%emt 00:00:38]} 28. Ng5+ {[%clk 00:03:06]} {[%emt
00:00:20]} Rxg5 {[%clk 00:01:09]} {[%emt 00:00:04]} 29. Bxg5 {[%clk 00:03:27]}
{[%emt 00:00:09]} Nc6 {[%clk 00:00:57]} {[%emt 00:00:42]} 30. e6 {[%clk
00:03:06]} {[%emt 00:00:51]} Qg8 {[%clk 00:01:13]} {[%emt 00:00:13]} 31. f6
{[%clk 00:02:47]} {[%emt 00:00:49]} Qxe6 {[%clk 00:01:18]} {[%emt 00:00:25]}
32. f7 {[%clk 00:02:57]} {[%emt 00:00:20]} Rf8 {[%clk 00:01:21]} {[%emt
00:00:27]} 33. Re1 {[%clk 00:03:16]} {[%emt 00:00:12]} Qd7 {[%clk 00:00:49]}
{[%emt 00:01:02]} 34. Qf4 {[%clk 00:01:27]} {[%emt 00:02:18]} d4 {[%clk
00:00:50]} {[%emt 00:00:29]} 35. Qf6 {[%clk 00:00:53]} {[%emt 00:01:04]} Bxf7
{[%clk 00:00:32]} {[%emt 00:00:49]} 36. Qh6+ {[%clk 00:01:00]} {[%emt
00:00:23]} Kg8 {[%clk 00:00:57]} {[%emt 00:00:05]} 37. Bf6 {[%clk 00:01:15]}
{[%emt 00:00:16]} Be6 {[%clk 00:01:00]} {[%emt 00:00:27]} 38. Qg6+ {[%emt
00:01:03]} 1-0

[Event "DEM U12w 2024"]
[Site "Willingen GER"]
[Date "2024.05.22"]
[Round "6"]
[White "Schirmbeck, Lilian"]
[Black "Winkler, Frida"]
[Result "1-0"]
[Termination "normal"]
[Board "4"]
[WhiteTitle "WCM"]
[WhiteElo "1790"]
[BlackElo "1587"]
[WhiteClock "00:20:05"]
[BlackClock "00:14:59"]
[PlyCount "41"]
[WhiteFideId "34620532"]
[BlackFideId "34622322"]
[EventCountry "GER"]
[EventRounds "9"]
[EventType "swiss"]
[EventDate "2024.05.18"]

1. d4 {[%clk 01:30:58]} {[%emt 00:00:01]} Nf6 {[%clk 01:30:52]} {[%emt
00:00:08]} 2. Nf3 {[%clk 01:31:16]} {[%emt 00:00:13]} d5 {[%clk 01:29:47]}
{[%emt 00:01:35]} 3. g3 {[%clk 01:31:34]} {[%emt 00:00:11]} g6 {[%clk
01:27:45]} {[%emt 00:02:32]} 4. Bg2 {[%clk 01:30:01]} {[%emt 00:02:03]} Bg7
{[%clk 01:27:43]} {[%emt 00:00:31]} 5. O-O {[%clk 01:30:09]} {[%emt 00:00:23]}
O-O {[%clk 01:21:42]} {[%emt 00:06:31]} 6. c4 {[%clk 01:28:47]} {[%emt
00:01:53]} e6 {[%clk 01:19:34]} {[%emt 00:02:37]} 7. Nc3 {[%clk 01:24:46]}
{[%emt 00:04:32]} Nc6 {[%clk 01:16:57]} {[%emt 00:03:07]} 8. Bf4 {[%clk
01:09:12]} {[%emt 00:16:00]} Nh5 {[%clk 00:54:12]} {[%emt 00:23:19]} 9. Bg5
{[%clk 01:04:37]} {[%emt 00:05:04]} Qd7 {[%clk 00:52:09]} {[%emt 00:02:32]} 10.
Qd2 {[%clk 00:43:16]} {[%emt 00:21:53]} dxc4 {[%clk 00:41:24]} {[%emt
00:11:16]} 11. Rfd1 {[%clk 00:43:03]} {[%emt 00:00:43]} f6 {[%clk 00:37:32]}
{[%emt 00:04:21]} 12. Be3 {[%clk 00:41:32]} {[%emt 00:01:59]} f5 {[%clk
00:33:22]} {[%emt 00:04:42]} 13. Ng5 {[%clk 00:29:09]} {[%emt 00:12:53]} Rd8
{[%clk 00:30:56]} {[%emt 00:02:53]} 14. d5 {[%clk 00:27:04]} {[%emt 00:02:37]}
Bxc3 {[%clk 00:29:49]} {[%emt 00:01:37]} 15. Qxc3 {[%clk 00:27:18]} {[%emt
00:00:17]} Ne7 {[%clk 00:22:43]} {[%emt 00:07:35]} 16. dxe6 {[%clk 00:20:59]}
{[%emt 00:06:49]} Qe8 {[%clk 00:20:43]} {[%emt 00:02:30]} 17. Rxd8 {[%clk
00:20:54]} {[%emt 00:00:37]} Qxd8 {[%clk 00:15:53]} {[%emt 00:05:20]} 18. Nf7
{[%clk 00:21:15]} {[%emt 00:00:08]} Kf8 {[%clk 00:15:57]} {[%emt 00:00:25]} 19.
Nxd8 {[%clk 00:21:28]} {[%emt 00:00:18]} Ng8 {[%clk 00:14:49]} {[%emt
00:01:37]} 20. Bc5+ {[%clk 00:20:50]} {[%emt 00:01:09]} Ke8 {[%clk 00:14:59]}
{[%emt 00:00:19]} 21. Qh8 {[%clk 00:20:05]} {[%emt 00:01:12]} 1-0

[Event "DEM U12w 2024"]
[Site "Willingen GER"]
[Date "2024.05.22"]
[Round "6"]
[White "Greither, Flora"]
[Black "Ramakrishnan, Veda"]
[Result "0-1"]
[Termination "normal"]
[Board "5"]
[WhiteElo "1430"]
[BlackElo "1482"]
[WhiteClock "01:04:48"]
[BlackClock "00:25:31"]
[PlyCount "56"]
[WhiteFideId "533000697"]
[BlackFideId "16269519"]
[EventCountry "GER"]
[EventRounds "9"]
[EventType "swiss"]
[EventDate "2024.05.18"]

1. d4 {[%clk 01:30:57]} {[%emt 00:00:02]} d5 {[%clk 01:30:53]} {[%emt
00:00:07]} 2. c4 {[%clk 01:31:17]} {[%emt 00:00:11]} e6 {[%clk 01:31:14]}
{[%emt 00:00:08]} 3. Nc3 {[%clk 01:31:37]} {[%emt 00:00:11]} Nf6 {[%clk
01:31:32]} {[%emt 00:00:11]} 4. Bg5 {[%clk 01:31:56]} {[%emt 00:00:11]} Be7
{[%clk 01:31:33]} {[%emt 00:00:29]} 5. Nf3 {[%clk 01:32:09]} {[%emt 00:00:17]}
c6 {[%clk 01:31:23]} {[%emt 00:00:40]} 6. e3 {[%clk 01:32:27]} {[%emt
00:00:12]} h6 {[%clk 01:31:32]} {[%emt 00:00:21]} 7. Bf4 {[%clk 01:32:34]}
{[%emt 00:00:23]} O-O {[%clk 01:31:36]} {[%emt 00:00:27]} 8. cxd5 {[%clk
01:32:45]} {[%emt 00:00:19]} exd5 {[%clk 01:31:35]} {[%emt 00:00:30]} 9. Be2
{[%clk 01:31:02]} {[%emt 00:02:12]} Bf5 {[%clk 01:31:29]} {[%emt 00:00:37]} 10.
O-O {[%clk 01:31:08]} {[%emt 00:00:25]} Nbd7 {[%clk 01:31:19]} {[%emt
00:00:41]} 11. Bd3 {[%clk 01:30:52]} {[%emt 00:00:45]} Ne4 {[%clk 01:27:14]}
{[%emt 00:04:35]} 12. Qc2 {[%clk 01:29:59]} {[%emt 00:01:24]} Ndf6 {[%clk
01:24:40]} {[%emt 00:03:03]} 13. Ne5 {[%clk 01:28:05]} {[%emt 00:02:24]} Nxc3
{[%clk 01:20:51]} {[%emt 00:04:20]} 14. Bxf5 {[%clk 01:28:13]} {[%emt
00:00:21]} Nb5 {[%clk 01:20:44]} {[%emt 00:00:36]} 15. Qe2 {[%clk 01:28:04]}
{[%emt 00:00:39]} Nd6 {[%clk 01:19:45]} {[%emt 00:01:30]} 16. Bd3 {[%clk
01:27:48]} {[%emt 00:00:46]} Nfe4 {[%clk 01:17:54]} {[%emt 00:02:21]} 17. f3
{[%clk 01:27:45]} {[%emt 00:00:34]} Ng5 {[%clk 01:17:49]} {[%emt 00:00:35]} 18.
Qf2 {[%clk 01:27:37]} {[%emt 00:00:38]} Ne6 {[%clk 01:13:03]} {[%emt 00:05:15]}
19. Bg3 {[%clk 01:27:09]} {[%emt 00:00:57]} Rc8 {[%clk 01:06:10]} {[%emt
00:07:24]} 20. Qd2 {[%clk 01:23:09]} {[%emt 00:04:30]} Bh4 {[%clk 00:58:34]}
{[%emt 00:08:06]} 21. Bxh4 {[%clk 01:20:19]} {[%emt 00:03:20]} Qxh4 {[%clk
00:58:57]} {[%emt 00:00:07]} 22. Qb4 {[%clk 01:19:42]} {[%emt 00:01:07]} Qe7
{[%clk 00:55:36]} {[%emt 00:03:51]} 23. Rac1 {[%clk 01:16:37]} {[%emt
00:03:36]} Rfd8 {[%clk 00:47:48]} {[%emt 00:08:18]} 24. e4 {[%clk 01:12:47]}
{[%emt 00:04:20]} Nf5 {[%clk 00:37:36]} {[%emt 00:10:41]} 25. Qa4 {[%clk
01:11:54]} {[%emt 00:01:23]} Nfxd4 {[%clk 00:36:40]} {[%emt 00:01:26]} 26. f4
{[%clk 01:07:25]} {[%emt 00:05:00]} dxe4 {[%clk 00:32:15]} {[%emt 00:04:54]}
27. Bc4 {[%clk 01:05:12]} {[%emt 00:02:44]} b5 {[%clk 00:28:15]} {[%emt
00:04:30]} 28. Qd1 {[%clk 01:04:48]} {[%emt 00:00:52]} Nf3+ {[%clk 00:25:31]}
{[%emt 00:03:15]} 0-1

[Event "DEM U12w 2024"]
[Site "Willingen GER"]
[Date "2024.05.22"]
[Round "6"]
[White "Wang, Enya Marie"]
[Black "Schmidt, Sophie"]
[Result "1/2-1/2"]
[Termination "normal"]
[Board "6"]
[WhiteElo "1614"]
[BlackElo "1257"]
[WhiteClock "00:33:29"]
[BlackClock "00:05:39"]
[PlyCount "93"]
[WhiteFideId "34660330"]
[BlackFideId "34682503"]
[EventCountry "GER"]
[EventRounds "9"]
[EventType "swiss"]
[EventDate "2024.05.18"]

1. e4 {[%clk 01:30:58]} e5 {[%clk 01:30:55]} {[%emt 00:00:06]} 2. Nf3 {[%clk
01:31:22]} {[%emt 00:00:06]} Nc6 {[%clk 01:31:17]} {[%emt 00:00:08]} 3. Bc4
{[%clk 01:31:46]} {[%emt 00:00:05]} Bc5 {[%clk 01:31:28]} {[%emt 00:00:19]} 4.
c3 {[%clk 01:32:07]} {[%emt 00:00:09]} Nf6 {[%clk 01:31:40]} {[%emt 00:00:17]}
5. d4 {[%clk 01:32:24]} {[%emt 00:00:13]} exd4 {[%clk 01:31:44]} {[%emt
00:00:26]} 6. e5 {[%clk 01:32:40]} {[%emt 00:00:13]} d5 {[%clk 01:30:55]}
{[%emt 00:01:20]} 7. Bb5 {[%clk 01:33:01]} {[%emt 00:00:09]} Ne4 {[%clk
01:30:18]} {[%emt 00:01:07]} 8. cxd4 {[%clk 01:33:14]} {[%emt 00:00:17]} Bb6
{[%clk 01:30:14]} {[%emt 00:00:35]} 9. h3 {[%clk 01:33:22]} {[%emt 00:00:22]}
O-O {[%clk 01:29:00]} {[%emt 00:01:44]} 10. O-O {[%clk 01:30:06]} {[%emt
00:03:46]} Bd7 {[%clk 01:24:33]} {[%emt 00:04:57]} 11. Bxc6 {[%clk 01:27:20]}
{[%emt 00:03:15]} bxc6 {[%clk 01:20:18]} {[%emt 00:04:45]} 12. Nc3 {[%clk
01:26:20]} {[%emt 00:01:30]} Nxc3 {[%clk 01:19:25]} {[%emt 00:01:24]} 13. bxc3
{[%clk 01:26:28]} {[%emt 00:00:22]} c5 {[%clk 01:18:48]} {[%emt 00:01:07]} 14.
Be3 {[%clk 01:25:03]} {[%emt 00:01:54]} cxd4 {[%clk 01:13:20]} {[%emt
00:05:59]} 15. cxd4 {[%clk 01:22:53]} {[%emt 00:02:40]} Bb5 {[%clk 01:10:38]}
{[%emt 00:03:12]} 16. Re1 {[%clk 01:22:49]} {[%emt 00:00:33]} Bc4 {[%clk
01:09:20]} {[%emt 00:01:49]} 17. Nd2 {[%clk 01:21:23]} {[%emt 00:01:55]} Ba5
{[%clk 01:07:29]} {[%emt 00:02:21]} 18. Qa4 {[%clk 01:18:06]} {[%emt 00:03:47]}
Bxd2 {[%clk 01:04:17]} {[%emt 00:03:41]} 19. Bxd2 {[%clk 01:17:37]} {[%emt
00:00:58]} Qe8 {[%clk 01:03:30]} {[%emt 00:01:18]} 20. Qa3 {[%clk 01:15:16]}
{[%emt 00:02:50]} Qd7 {[%clk 01:01:07]} {[%emt 00:02:53]} 21. Qg3 {[%clk
01:13:05]} {[%emt 00:02:40]} Kh8 {[%clk 00:57:35]} {[%emt 00:04:04]} 22. Re3
{[%clk 01:09:35]} {[%emt 00:04:00]} Rab8 {[%clk 00:54:23]} {[%emt 00:03:41]}
23. a3 {[%clk 01:07:21]} {[%emt 00:02:45]} Rb6 {[%clk 00:47:29]} {[%emt
00:07:23]} 24. Qf4 {[%clk 01:04:05]} {[%emt 00:03:47]} Rfb8 {[%clk 00:38:09]}
{[%emt 00:09:51]} 25. Bb4 {[%clk 01:02:35]} {[%emt 00:02:00]} Rg6 {[%clk
00:35:36]} {[%emt 00:03:02]} 26. Rc1 {[%clk 00:59:46]} {[%emt 00:03:20]} Kg8
{[%clk 00:26:57]} {[%emt 00:09:09]} 27. Rcc3 {[%clk 00:57:03]} {[%emt
00:03:13]} Rbb6 {[%clk 00:24:23]} {[%emt 00:03:05]} 28. Rg3 {[%clk 00:51:49]}
{[%emt 00:05:43]} Rbe6 {[%clk 00:19:22]} {[%emt 00:05:30]} 29. h4 {[%clk
00:49:21]} {[%emt 00:02:59]} Rxg3 {[%clk 00:18:10]} {[%emt 00:01:42]} 30. Rxg3
{[%clk 00:49:43]} {[%emt 00:00:07]} Rg6 {[%clk 00:18:31]} {[%emt 00:00:09]} 31.
Rxg6 {[%clk 00:48:49]} {[%emt 00:01:25]} hxg6 {[%clk 00:18:54]} {[%emt
00:00:08]} 32. g4 {[%clk 00:47:08]} {[%emt 00:02:10]} Qe6 {[%clk 00:18:06]}
{[%emt 00:01:18]} 33. Qg5 {[%clk 00:44:49]} {[%emt 00:02:49]} Qb6 {[%clk
00:14:39]} {[%emt 00:03:57]} 34. Qe3 {[%clk 00:43:46]} {[%emt 00:01:33]} a5
{[%clk 00:13:30]} {[%emt 00:01:40]} 35. Bc5 {[%clk 00:43:09]} {[%emt 00:01:07]}
Qb1+ {[%clk 00:13:46]} {[%emt 00:00:14]} 36. Kh2 {[%clk 00:42:02]} {[%emt
00:01:36]} Qd1 {[%clk 00:10:46]} {[%emt 00:03:30]} 37. Qg3 {[%clk 00:40:43]}
{[%emt 00:01:44]} Qe2 {[%clk 00:09:24]} {[%emt 00:01:57]} 38. Qg2 {[%clk
00:36:27]} {[%emt 00:04:41]} f6 {[%clk 00:08:38]} {[%emt 00:01:21]} 39. f4
{[%clk 00:35:21]} {[%emt 00:01:36]} Qe3 {[%clk 00:08:21]} {[%emt 00:00:47]} 40.
Qg3 {[%clk 00:34:51]} {[%emt 00:01:00]} Qd2+ {[%clk 00:07:03]} {[%emt
00:01:48]} 41. Qg2 {[%clk 00:34:26]} {[%emt 00:00:54]} Qxf4+ {[%clk 00:06:56]}
{[%emt 00:00:37]} 42. Qg3 {[%clk 00:34:38]} {[%emt 00:00:18]} Qxg3+ {[%clk
00:05:29]} {[%emt 00:01:57]} 43. Kxg3 {[%clk 00:35:02]} {[%emt 00:00:06]} Kf7
{[%clk 00:05:53]} {[%emt 00:00:06]} 44. Kf4 {[%clk 00:34:32]} {[%emt 00:01:00]}
Ke6 {[%clk 00:05:26]} {[%emt 00:00:57]} 45. Bf8 {[%clk 00:32:57]} {[%emt
00:02:05]} Kf7 {[%clk 00:05:30]} {[%emt 00:00:26]} 46. Bc5 {[%clk 00:33:08]}
{[%emt 00:00:19]} Ke6 {[%clk 00:05:39]} {[%emt 00:00:22]} 47. Bf8 {[%clk
00:33:29]} {[%emt 00:00:08]} 1/2-1/2

[Event "DEM U12w 2024"]
[Site "Willingen GER"]
[Date "2024.05.22"]
[Round "6"]
[White "Luible, Antonia"]
[Black "Jordan, Christina"]
[Result "0-1"]
[Termination "normal"]
[Board "7"]
[WhiteElo "1347"]
[BlackElo "1802"]
[WhiteClock "00:10:11"]
[BlackClock "00:08:28"]
[PlyCount "144"]
[WhiteFideId "34681710"]
[BlackFideId "1347977"]
[EventCountry "GER"]
[EventRounds "9"]
[EventType "swiss"]
[EventDate "2024.05.18"]

1. d4 {[%clk 01:30:59]} d5 {[%clk 01:30:55]} {[%emt 00:00:05]} 2. Nf3 {[%clk
01:31:22]} {[%emt 00:00:07]} Nf6 {[%clk 01:31:13]} {[%emt 00:00:12]} 3. e3
{[%clk 01:31:43]} {[%emt 00:00:08]} c5 {[%clk 01:31:13]} {[%emt 00:00:30]} 4.
b3 {[%clk 01:31:57]} {[%emt 00:00:17]} cxd4 {[%clk 01:30:52]} {[%emt 00:00:51]}
5. exd4 {[%clk 01:32:15]} {[%emt 00:00:11]} Bf5 {[%clk 01:27:29]} {[%emt
00:03:54]} 6. Bb2 {[%clk 01:31:40]} {[%emt 00:01:05]} Nc6 {[%clk 01:26:23]}
{[%emt 00:01:36]} 7. a3 {[%clk 01:31:34]} {[%emt 00:00:36]} e6 {[%clk
01:25:32]} {[%emt 00:01:21]} 8. Bd3 {[%clk 01:30:05]} {[%emt 00:01:58]} Bxd3
{[%clk 01:24:26]} {[%emt 00:01:37]} 9. Qxd3 {[%clk 01:30:11]} {[%emt 00:00:23]}
Be7 {[%clk 01:23:01]} {[%emt 00:01:56]} 10. O-O {[%clk 01:30:09]} {[%emt
00:00:32]} O-O {[%clk 01:22:44]} {[%emt 00:00:46]} 11. Ne5 {[%clk 01:29:05]}
{[%emt 00:01:34]} Rc8 {[%clk 01:19:20]} {[%emt 00:03:55]} 12. Nd2 {[%clk
01:27:36]} {[%emt 00:01:59]} Nxe5 {[%clk 01:17:52]} {[%emt 00:01:58]} 13. dxe5
{[%clk 01:27:50]} {[%emt 00:00:16]} Nd7 {[%clk 01:17:20]} {[%emt 00:01:02]} 14.
Rac1 {[%clk 01:23:24]} {[%emt 00:04:56]} Qb6 {[%clk 01:01:25]} {[%emt
00:16:23]} 15. Nf3 {[%clk 01:15:34]} {[%emt 00:08:21]} Rc7 {[%clk 00:56:35]}
{[%emt 00:05:22]} 16. b4 {[%clk 01:11:17]} {[%emt 00:04:46]} Rc4 {[%clk
00:42:49]} {[%emt 00:14:15]} 17. Rfe1 {[%clk 01:00:49]} {[%emt 00:10:59]} Rfc8
{[%clk 00:36:27]} {[%emt 00:06:53]} 18. Bd4 {[%clk 00:42:14]} {[%emt 00:19:03]}
Qc6 {[%clk 00:28:48]} {[%emt 00:08:08]} 19. c3 {[%clk 00:37:40]} {[%emt
00:05:05]} Qa4 {[%clk 00:24:11]} {[%emt 00:05:03]} 20. Ra1 {[%clk 00:33:23]}
{[%emt 00:04:51]} Nb8 {[%clk 00:16:55]} {[%emt 00:07:46]} 21. Qd1 {[%clk
00:26:59]} {[%emt 00:06:52]} Qd7 {[%clk 00:10:27]} {[%emt 00:07:01]} 22. Nd2
{[%clk 00:26:25]} {[%emt 00:01:04]} R4c7 {[%clk 00:10:02]} {[%emt 00:00:55]}
23. Nb3 {[%clk 00:24:40]} {[%emt 00:02:12]} b6 {[%clk 00:09:50]} {[%emt
00:00:44]} 24. Nc1 {[%clk 00:22:01]} {[%emt 00:03:09]} Nc6 {[%clk 00:09:40]}
{[%emt 00:00:41]} 25. Ne2 {[%clk 00:21:50]} {[%emt 00:00:40]} Nxd4 {[%clk
00:08:31]} {[%emt 00:01:40]} 26. Qxd4 {[%clk 00:20:34]} {[%emt 00:01:46]} Rc4
{[%clk 00:08:30]} {[%emt 00:00:31]} 27. Qd3 {[%clk 00:19:47]} {[%emt 00:01:18]}
Qc7 {[%clk 00:08:19]} {[%emt 00:00:39]} 28. f4 {[%clk 00:19:11]} {[%emt
00:01:07]} f6 {[%clk 00:06:38]} {[%emt 00:02:12]} 29. exf6 {[%clk 00:17:48]}
{[%emt 00:01:53]} Bxf6 {[%clk 00:07:03]} {[%emt 00:00:04]} 30. Qh3 {[%clk
00:15:33]} {[%emt 00:02:43]} Re8 {[%clk 00:05:13]} {[%emt 00:02:23]} 31. Rac1
{[%clk 00:15:14]} {[%emt 00:00:49]} Qc6 {[%clk 00:05:03]} {[%emt 00:00:40]} 32.
Rc2 {[%clk 00:14:44]} {[%emt 00:01:00]} Qa4 {[%clk 00:05:08]} {[%emt 00:00:24]}
33. Ra2 {[%clk 00:14:01]} {[%emt 00:01:13]} Qb3 {[%clk 00:05:13]} {[%emt
00:00:24]} 34. Raa1 {[%clk 00:13:26]} {[%emt 00:01:07]} Bxc3 {[%clk 00:04:17]}
{[%emt 00:01:26]} 35. Nxc3 {[%clk 00:13:18]} {[%emt 00:00:38]} Qxc3 {[%clk
00:04:44]} {[%emt 00:00:03]} 36. Qxc3 {[%clk 00:13:32]} {[%emt 00:00:16]} Rxc3
{[%clk 00:05:11]} {[%emt 00:00:03]} 37. Rec1 {[%clk 00:13:41]} {[%emt
00:00:21]} Rxc1+ {[%clk 00:05:15]} {[%emt 00:00:25]} 38. Rxc1 {[%clk 00:14:06]}
{[%emt 00:00:05]} Kf7 {[%clk 00:05:38]} {[%emt 00:00:07]} 39. Kf2 {[%clk
00:13:55]} {[%emt 00:00:41]} Re7 {[%clk 00:05:55]} {[%emt 00:00:13]} 40. g3
{[%clk 00:13:28]} {[%emt 00:00:57]} Kf6 {[%clk 00:05:26]} {[%emt 00:01:00]} 41.
Kf3 {[%clk 00:13:28]} {[%emt 00:00:30]} Rd7 {[%clk 00:04:44]} {[%emt 00:01:12]}
42. g4 {[%clk 00:11:44]} {[%emt 00:02:13]} h6 {[%clk 00:04:13]} {[%emt
00:01:01]} 43. h4 {[%clk 00:09:55]} {[%emt 00:02:19]} Re7 {[%clk 00:02:35]}
{[%emt 00:02:09]} 44. g5+ {[%clk 00:09:58]} {[%emt 00:00:27]} hxg5 {[%clk
00:02:59]} {[%emt 00:00:06]} 45. hxg5+ {[%clk 00:10:14]} {[%emt 00:00:13]} Kf5
{[%clk 00:03:08]} {[%emt 00:00:22]} 46. Re1 {[%clk 00:09:25]} {[%emt 00:01:19]}
e5 {[%clk 00:02:56]} {[%emt 00:00:43]} 47. fxe5 {[%clk 00:08:53]} {[%emt
00:01:01]} Rxe5 {[%clk 00:03:22]} {[%emt 00:00:04]} 48. Rg1 {[%clk 00:08:14]}
{[%emt 00:01:05]} d4 {[%clk 00:02:55]} {[%emt 00:01:01]} 49. a4 {[%clk
00:07:25]} {[%emt 00:01:18]} Re3+ {[%clk 00:03:13]} {[%emt 00:00:12]} 50. Kf2
{[%clk 00:07:15]} {[%emt 00:00:37]} Kf4 {[%clk 00:03:23]} {[%emt 00:00:25]} 51.
Rd1 {[%clk 00:07:12]} {[%emt 00:00:32]} d3 {[%clk 00:03:30]} {[%emt 00:00:22]}
52. g6 {[%clk 00:07:17]} {[%emt 00:00:25]} Re2+ {[%clk 00:03:52]} {[%emt
00:00:08]} 53. Kf1 {[%clk 00:07:07]} {[%emt 00:00:40]} Ke3 {[%clk 00:03:51]}
{[%emt 00:00:32]} 54. a5 {[%clk 00:06:36]} {[%emt 00:01:01]} bxa5 {[%clk
00:02:59]} {[%emt 00:01:22]} 55. bxa5 {[%clk 00:06:59]} {[%emt 00:00:07]} Ra2
{[%clk 00:02:47]} {[%emt 00:00:40]} 56. a6 {[%clk 00:06:21]} {[%emt 00:01:09]}
Rxa6 {[%clk 00:02:41]} {[%emt 00:00:37]} 57. Re1+ {[%clk 00:06:04]} {[%emt
00:00:46]} Kf3 {[%clk 00:03:09]} {[%emt 00:00:03]} 58. Rd1 {[%clk 00:06:04]}
{[%emt 00:00:30]} d2 {[%clk 00:03:15]} {[%emt 00:00:25]} 59. Kg1 {[%clk
00:06:22]} {[%emt 00:00:12]} Ke2 {[%clk 00:03:39]} {[%emt 00:00:06]} 60. Rxd2+
{[%clk 00:06:31]} {[%emt 00:00:21]} Kxd2 {[%clk 00:04:05]} {[%emt 00:00:04]}
61. Kf2 {[%clk 00:06:54]} {[%emt 00:00:07]} Rxg6 {[%clk 00:04:09]} {[%emt
00:00:26]} 62. Kf3 {[%clk 00:07:16]} {[%emt 00:00:08]} a5 {[%clk 00:04:34]}
{[%emt 00:00:06]} 63. Ke4 {[%clk 00:07:41]} {[%emt 00:00:05]} a4 {[%clk
00:05:01]} {[%emt 00:00:03]} 64. Kf5 {[%clk 00:07:59]} {[%emt 00:00:11]} Rf6+
{[%clk 00:05:29]} {[%emt 00:00:02]} 65. Ke4 {[%clk 00:08:19]} {[%emt 00:00:10]}
a3 {[%clk 00:05:55]} {[%emt 00:00:03]} 66. Kd4 {[%clk 00:08:42]} {[%emt
00:00:08]} a2 {[%clk 00:06:18]} {[%emt 00:00:07]} 67. Ke4 {[%clk 00:09:00]}
{[%emt 00:00:12]} a1=R {[%clk 00:06:25]} {[%emt 00:00:24]} 68. Kd5 {[%clk
00:09:23]} {[%emt 00:00:07]} Ra5+ {[%clk 00:06:50]} {[%emt 00:00:05]} 69. Kc4
{[%clk 00:09:35]} {[%emt 00:00:17]} Rf4+ {[%clk 00:07:16]} {[%emt 00:00:04]}
70. Kb3 {[%clk 00:09:56]} {[%emt 00:00:09]} Rb5+ {[%clk 00:07:37]} {[%emt
00:00:10]} 71. Ka3 {[%clk 00:10:11]} {[%emt 00:00:15]} Rb8 {[%clk 00:08:01]}
{[%emt 00:00:05]} 72. Ka2 {[%emt 00:00:11]} Ra4# {[%clk 00:08:28]} 0-1